[Event "21st Open"]
[Site "Bratto ITA"]
[Date "2001.08.22"]
[Round "1"]
[White "Ricci,A"]
[Black "De Santis,A"]
[Result "1-0"]
[WhiteElo "2088"]
[BlackElo "2353"]

1.e4 d6 2.d4 Nf6 3.Nc3 c6 4.Nf3 Bg4 5.Be2 e6 6.Bf4 Be7 7.O-O h6 8.h3 g5 9.Be3 Bh5
10.Nd2 Bg6 11.f4 gxf4 12.Rxf4 Nbd7 13.d5 e5 14.Rf1 cxd5 15.Nxd5 Nxd5 16.exd5 Bg5
17.Bf2 Qc7 18.c4 Nc5 19.Nf3 Ne4 20.Nxg5 hxg5 21.Qa4+ Kd8 22.Be3 f5 23.c5 f4
24.cxd6 Qxd6 25.Bxa7 Ng3 26.Rfe1 Nxe2+ 27.Rxe2 Bd3 28.Rd2 e4 29.Qd4 Rh7 30.Bb6+ Kd7
31.Bc5 Qg6 32.Re1 Rxa2 33.Ba3 Qa6 34.Rc1 Rxa3 35.bxa3 Qd6 36.Rb2 Kd8 37.Qa7 Ba6
38.Qa8+ Ke7 39.Qg8 Rf7 40.Qxg5+ Qf6 41.d6+ Ke6 42.Qg4+ Qf5 43.Rc7 Kxd6 44.Rxf7 Qxf7
45.Rf2 Ke5 46.Qg5+ Qf5 47.Qe7+ Kd5 48.Rd2+ Bd3 49.Qxb7+ Kd6 50.Rb2 Qc5+ 51.Kh2 Qxa3
52.Qb4+ Qxb4 53.Rxb4 Ke5 54.Kg1 e3 55.h4 Kf5 56.Rd4 Be2 57.Rd5+ Ke4 58.Ra5 f3
59.gxf3+ Kxf3 60.h5 Bd3 61.Ra3 e2 62.Rxd3+ Ke4 63.Kf2 Kxd3 64.Ke1 Ke4 65.h6  1-0

[Event "ch-FRA Women"]
[Site "Marsailles FRA"]
[Date "2001.08.22"]
[Round "10"]
[White "Muller,A"]
[Black "Franc,N"]
[Result "1/2-1/2"]
[WhiteElo "2156"]
[BlackElo "2103"]

1.e4 d6 2.d4 Nf6 3.Nc3 Nbd7 4.Nf3 e5 5.Bc4 Be7 6.O-O O-O 7.Re1 c6 8.a4 b6
9.Bg5 Bb7 10.Bb3 a6 11.Bxf6 Bxf6 12.d5 c5 13.Bc4 Re8 14.Rb1 Qc7 15.Bf1 Bc8
16.Nd2 Rb8 17.Bd3 Nf8 18.Qe2 Ra8 19.Nc4 Ng6 20.g3 Bd7 21.Ne3 Qc8 22.Nf5 Bxf5
23.exf5 Ne7 24.Ne4 Qd7 25.Bxa6 Red8 26.Nxf6+ gxf6 27.Rbd1 Nxf5 28.Bd3 Ng7
29.b3 f5 30.Qd2 Kh8 31.Qg5 Rg8 32.Kh1 Qd8 33.Qh6 e4 34.Be2 Ne8 35.Qf4 Qf6
36.f3 Qg5 37.Qxg5 Rxg5 38.Kg2 Nc7 39.Bc4 Re8 40.Re2 Kg7 41.Rde1 Kf8 42.fxe4 fxe4
43.Rxe4 Rxe4 44.Rxe4 h5 45.h4  1/2-1/2

[Event "Schneider Bohemia Open"]
[Site "Pilsen CZE"]
[Date "2001.08.22"]
[Round "5"]
[White "Bujak,M"]
[Black "Neumann,P"]
[Result "0-1"]
[WhiteElo "2121"]
[BlackElo "2438"]

1.e4 d6 2.d4 Nf6 3.Nc3 e5 4.dxe5 dxe5 5.Qxd8+ Kxd8 6.Bg5 Be6 7.O-O-O+ Nd7
8.Bb5 c6 9.Ba4 Kc7 10.Bb3 Bxb3 11.axb3 h6 12.Bxf6 Nxf6 13.Nf3 Re8 14.Rd2 b5
15.Re2 Bc5 16.Rd1 Re7 17.Ne1 a5 18.Nd3 Bd4 19.Kd2 h5 20.Ra1 Bb6 21.f3 h4
22.Nd1 Nh5 23.N1f2 Rd7 24.Ke1 f6 25.Kf1 g6 26.Ree1 Ng7 27.Ng4 Rf8 28.Rad1 Ne6
29.Rd2 Nd4 30.Red1 h3 31.Ndf2 hxg2+ 32.Kxg2 Re7 33.Re1 Ne6 34.Nd3 Rh7 35.Kh1 Rd7
36.Red1 Rdf7 37.Re1 Re7 38.Red1 Kc8 39.Re1 Rh7 40.Red1 Re7 41.Rf1 Bc7 42.Re1 Rh7
43.Rg1 Rd7 44.Rgd1 Bb6 45.Kg2 Rh7 46.Kh1 Rh3 47.Rf1 Ng5 48.Ne1 Bd8 49.Re2 Ne6
50.Rd2 Be7 51.Nd3 Ng5 52.Rdf2 Rfh8 53.Ne1 Kd7 54.Re2 Ne6 55.Nd3 Kc7 56.f4 R8h4  0-1

[Event "Rubinstein Open"]
[Site "Polanica Zdroj POL"]
[Date "2001.08.22"]
[Round "7"]
[White "Machaj,B"]
[Black "Bachorczyk,M"]
[Result "1/2-1/2"]
[WhiteElo "2153"]
[BlackElo "2044"]

1.e4 d6 2.d4 Nf6 3.Nc3 c6 4.Be3 Ng4 5.Bg5 Qb6 6.Rb1 e5 7.Nf3 Nd7 8.h3 Ngf6
9.Bc4 Be7 10.O-O O-O 11.Kh1 Re8 12.Re1 Qc7 13.Bb3 b5 14.d5 Bb7 15.Qd3 Nc5
16.Qd1 Nxb3 17.axb3 b4 18.dxc6 Bxc6 19.Bxf6 Bxf6 20.Nd5 Bxd5  1/2-1/2

[Event "WJun"]
[Site "Athens GRE"]
[Date "2001.08.24"]
[Round "8"]
[White "Deseatnicov,I"]
[Black "Berkvens,J"]
[Result "1-0"]
[WhiteElo "2309"]
[BlackElo "2444"]

1.e4 d6 2.d4 Nf6 3.Nc3 Nbd7 4.g3 e5 5.Nge2 c6 6.Bg2 Be7 7.O-O O-O 8.a4 b6
9.h3 Bb7 10.g4 d5 11.exd5 cxd5 12.dxe5 Nxe5 13.Nf4 Rc8 14.Nfxd5 Nxd5 15.Nxd5 Bxd5
16.Bxd5 Rxc2 17.Re1 Bf6 18.Qxc2 Qxd5 19.Qe4 Qd7 20.g5  1-0

[Event "21st Open"]
[Site "Bratto ITA"]
[Date "2001.08.24"]
[Round "3"]
[White "Bozzali,E"]
[Black "Stefanelli,L"]
[Result "0-1"]
[WhiteElo "2099"]
[BlackElo "2270"]

1.d4 d6 2.e4 Nf6 3.Nc3 e5 4.dxe5 dxe5 5.Qxd8+ Kxd8 6.Bg5 Be6 7.O-O-O+ Nd7
8.Nf3 Kc8 9.Bxf6 gxf6 10.Nh4 c6 11.Kb1 Kc7 12.Ne2 b5 13.Ng3 Nb6 14.Be2 Bc5
15.Rhf1 Rhd8 16.Bd3 a5 17.Nhf5 a4 18.Nh5 a3 19.b3 Bxf5 20.exf5 Nd5 21.Rde1 Bb4
22.Re4 Nc3+ 23.Ka1 Nxe4 24.Bxe4 Bc3+ 25.Kb1 Rd6 26.Ng3 Bb4 27.Bd3 Rd7 28.Ne4 Be7
29.Kc1 Rb8 30.Kd2 c5 31.Ke3 Kb6 32.c4 Rbd8 33.Be2 b4 34.g4 Rg8 35.h4 h6 36.Rh1 Rd4
37.Rh3 Rgd8 38.Bf3 Rd3+ 39.Ke2 Rd1 40.g5 hxg5 41.hxg5 Ra1 42.gxf6 Rxa2+ 43.Ke3 Bf8
44.Ng5 Rb2 45.Nxf7 a2 46.Nxd8 a1=Q 47.Rh1 Rxb3+  0-1

[Event "21st Open"]
[Site "Bratto ITA"]
[Date "2001.08.24"]
[Round "3"]
[White "Agnelli,F"]
[Black "De Santis,A"]
[Result "0-1"]
[WhiteElo "2132"]
[BlackElo "2353"]

1.e4 d6 2.d4 Nf6 3.Nc3 c6 4.f3 Nbd7 5.Be3 Qb6 6.Na4 Qa5+ 7.Nc3 b5 8.Qd2 a6
9.Nge2 b4 10.Nd1 e5 11.c3 d5 12.Ng3 h5 13.Bd3 h4 14.Ne2 h3 15.g3 Bb7 16.Nf2 Rd8
17.O-O bxc3 18.bxc3 c5 19.Rab1 Qc7 20.Qb2 Rb8 21.Qd2 Bd6 22.exd5 Nxd5 23.Ne4 Be7
24.Bf2 c4 25.Bc2 O-O 26.Ng5 Qc6 27.Nxh3 f5 28.dxe5 Nxe5 29.Nd4 Bc5 30.Nxc6 Nxf3+
31.Kg2 Nxd2 32.Rxb7 Rxb7 33.Bxc5 Nxf1 34.Bxf8 Nfe3+ 35.Kf3 Kxf8  0-1

[Event "Schneider Bohemia Open"]
[Site "Pilsen CZE"]
[Date "2001.08.24"]
[Round "7"]
[White "Novak,Pa"]
[Black "Neumann,P"]
[Result "0-1"]
[WhiteElo "2237"]
[BlackElo "2438"]

1.e4 d6 2.d4 Nf6 3.Nc3 c6 4.Nf3 Bg4 5.h3 Bh5 6.Be2 e6 7.Bg5 Be7 8.Qd2 Bxf3
9.gxf3 d5 10.Rg1 g6 11.Bh6 Rg8 12.O-O-O a6 13.Bd3 b5 14.Ne2 Qb6 15.Bg5 Qd8
16.h4 Nbd7 17.Nf4 Rh8 18.Bh6 Bf8 19.Bxf8 Nxf8 20.Qe3 Qe7 21.h5 g5 22.Rxg5 Nxe4
23.Rg7 Nf6 24.h6 O-O-O 25.Nh3 Rg8 26.Rdg1 Ng6 27.Bxg6 hxg6 28.Rxg8 Rxg8 29.Ng5 Rh8
30.Rh1 Nh5 31.h7 Kd7 32.Re1 Ng7 33.f4 f6 34.Nf3 Nf5 35.Qc3 Qd6 36.Qa5 Qxf4+
37.Nd2 Rxh7 38.Qxa6 Qc7 39.Nb3 Ke7 40.Nc5 Qf4+ 41.Kb1 Kf7 42.Qb7+ Ne7 43.Nxe6 Qe4  0-1

[Event "Rubinstein Open"]
[Site "Polanica Zdroj POL"]
[Date "2001.08.24"]
[Round "9"]
[White "Balcerak,J"]
[Black "Pakleza,Z"]
[Result "1-0"]
[WhiteElo "2415"]
[BlackElo "2220"]

1.e4 d6 2.d4 Nf6 3.Nc3 c6 4.f4 Qb6 5.e5 Nd5 6.Nxd5 cxd5 7.Bd3 Nc6 8.c3 g6
9.Nf3 Bg4 10.h3 Bxf3 11.Qxf3 e6 12.O-O Be7 13.Kh1 a6 14.Qe2 Kd7 15.Be3 Qc7
16.b3 Rac8 17.Rac1 Rhd8 18.b4 Ke8 19.a3 Na7 20.Bd2 Qd7  1-0

[Event "zt 2.5"]
[Site "Mar del Plata ARG"]
[Date "2001.08.25"]
[Round "9"]
[White "Bauza,A"]
[Black "Tempone,M"]
[Result "0-1"]
[WhiteElo "2290"]
[BlackElo "2437"]

1.e4 d6 2.d4 Nf6 3.Nc3 Nbd7 4.g3 e5 5.Nge2 g6 6.Bg2 Bg7 7.O-O O-O 8.h3 Re8
9.Be3 b6 10.d5 a5 11.a4 Nc5 12.Nc1 Rf8 13.Nd3 Nfd7 14.b4 axb4 15.Nxb4 f5
16.Nc6 Qf6 17.Nb5 Na6 18.Ra3 f4 19.gxf4 exf4 20.Bd4 Qg5 21.Qg4 Qxg4 22.hxg4 Ne5
23.Nxe5 Bxe5 24.Bxe5 dxe5 25.f3 Bd7 26.Rb1 Bxb5 27.Rxb5 Nc5 28.a5 Nb7 29.a6 Na5
30.Rbxa5 bxa5 31.Bf1 Rfb8 32.Rxa5 Rb6 33.Bb5 Ra7 34.c4 h5 35.g5 Kf8 36.c5 Rb8
37.Kg2 Ke7 38.Kh2 Rba8 39.Kg2 Kd8 40.Ra2 c6 41.dxc6 Rb8 42.Rd2+ Ke7 43.Bc4 Rb4
44.Rc2 Rxc4 45.Rxc4 Rxa6 46.Rb4 Rxc6 47.Rb7+ Kd8 48.Rf7 Rxc5 49.Rf6 Rc2+
50.Kg1 h4 51.Rxg6 h3 52.Rh6 Rg2+ 53.Kf1 Rg3 54.Kf2 Ke7 55.Rh7+ Ke6 56.g6 Kf6
57.g7 Kf7 58.Rh5 Kxg7 59.Rxe5 Rg2+ 60.Kf1 Rb2 61.Rf5 h2 62.Rh5 Kf6 63.Rh6+ Ke5
64.Rh5+ Kd4 65.Rh3 Ke3 66.e5 Rf2+  0-1

[Event "21st Open"]
[Site "Bratto ITA"]
[Date "2001.08.26"]
[Round "5"]
[White "Ferrari,N"]
[Black "Stefanelli,L"]
[Result "1-0"]
[WhiteElo "2163"]
[BlackElo "2270"]

1.e4 d6 2.d4 Nf6 3.Nc3 e5 4.Nf3 Nbd7 5.Bc4 Be7 6.O-O O-O 7.h3 c6 8.a4 h6
9.Be3 Re8 10.dxe5 dxe5 11.Qb1 Bc5 12.Qa2 Qe7 13.Nh4 Bxe3 14.Nf5 Qf8 15.fxe3 Nb6
16.Nxh6+ gxh6 17.Rxf6 Nxc4 18.Qxc4 Bxh3 19.Raf1 Be6 20.Qe2 Qc5 21.Rxh6 Kf8
22.Qf3  1-0

[Event "Schneider Bohemia Open"]
[Site "Pilsen CZE"]
[Date "2001.08.26"]
[Round "9"]
[White "Folk,P"]
[Black "Neumann,P"]
[Result "1/2-1/2"]
[WhiteElo "2279"]
[BlackElo "2438"]

1.e4 d6 2.d4 Nf6 3.Nc3 e5 4.Nf3 Nbd7 5.Bc4 Be7 6.O-O O-O 7.a4 c6 8.Re1 b6
9.b3 a6 10.Ba3 Rb8 11.dxe5 dxe5 12.Bd6  1/2-1/2

[Event "Schwarzach Open A"]
[Site "Salzburg AUT"]
[Date "2001.08.26"]
[Round "2"]
[White "Krstic,U"]
[Black "Wimmer,A"]
[Result "1/2-1/2"]
[WhiteElo "2343"]
[BlackElo "2114"]

1.e4 d6 2.d4 Nf6 3.Nc3 c6 4.Nf3 Bg4 5.h3 Bh5 6.Bd3 e6 7.Qe2 Be7 8.Bg5 d5
9.e5 Nfd7 10.Bxe7 Qxe7 11.g4 Bg6 12.O-O-O a6 13.Kb1 c5 14.dxc5 Bxd3 15.cxd3 Nxc5
16.Qe3 Nc6 17.Nd4 Nxd4 18.Qxd4 Nd7 19.Rc1 O-O 20.f4 Qc5 21.Qxc5 Nxc5 22.Nxd5 Nxd3
23.Rc3 Nf2 24.Rh2 exd5 25.Rxf2 f6 26.Rd2 fxe5 27.fxe5 Rad8 28.Rcd3 Kf7 29.Rxd5 Rxd5
30.Rxd5 Ke7 31.Rd3 Rc8 32.Rd6 Rc6 33.Rxc6 bxc6 34.Kc2 Ke6 35.Kc3 Kxe5 36.Kb4 Kf4
37.Ka5 Kg3 38.Kxa6 Kxh3 39.a4 Kxg4 40.a5 h5 41.Kb6 h4 42.a6 h3 43.a7 h2 44.a8=Q h1=Q
45.Qxc6 Qxc6+ 46.Kxc6 Kf3  1/2-1/2

[Event "Schwarzach Open A"]
[Site "Salzburg AUT"]
[Date "2001.08.27"]
[Round "3"]
[White "Wieser,R"]
[Black "Wimmer,A"]
[Result "1-0"]
[WhiteElo "2207"]
[BlackElo "2114"]

1.e4 d6 2.d4 Nf6 3.Nc3 c6 4.f4 Qa5 5.Bd3 e5 6.Nf3 Bg4 7.Be3 exf4 8.Bxf4 Qb4
9.O-O Qxb2 10.Qd2 Qb6 11.Rab1 Qc7 12.e5 dxe5 13.Nxe5 Qc8 14.Nxg4 Qxg4 15.Rxb7 Nbd7
16.h3 Qh4 17.Bf5 Ba3 18.Re1+ Kd8 19.Rxd7+  1-0

[Event "10th Open"]
[Site "Kavala GRE"]
[Date "2001.08.28"]
[Round "8"]
[White "Dochev,D"]
[Black "Spasov,V"]
[Result "1-0"]
[WhiteElo "2382"]
[BlackElo "2569"]

1.e4 d6 2.d4 Nf6 3.Nc3 e5 4.Nf3 Nbd7 5.Bc4 Be7 6.O-O O-O 7.a4 c6 8.Re1 b6
9.Ba2 a6 10.h3 Rb8 11.b4 b5 12.axb5 axb5 13.Bb2 Qc7 14.Qd3 Nh5 15.Ne2 exd4
16.Nfxd4 Ne5 17.Qc3 Bf6 18.f4 Ng6 19.Qf3 c5 20.Qxh5 cxd4 21.f5 Qxc2 22.Rab1 Ne5
23.Nxd4 Qa4 24.Bd5 Nd3 25.Nc6 Nxb2 26.Ra1 Qc2 27.Rac1 Qd2 28.Nxb8 Nd3 29.Qxf7+  1-0

[Event "Schwarzach Open A"]
[Site "Salzburg AUT"]
[Date "2001.08.30"]
[Round "6"]
[White "Batyte,D"]
[Black "Maier,A"]
[Result "1-0"]
[WhiteElo "2117"]
[BlackElo "2378"]

1.e4 d6 2.d4 Nf6 3.Nc3 Nbd7 4.Nf3 e5 5.Bc4 Be7 6.O-O O-O 7.Bg5 c6 8.a4 a5
9.Bxf6 Bxf6 10.d5 Nb6 11.Be2 cxd5 12.Nxd5 Nxd5 13.Qxd5 Be6 14.Qd2 d5 15.exd5 Bxd5
16.Rad1 Bc6 17.Qe3 Qe7 18.b3 Rac8 19.Bc4 Bxa4 20.Rd5 Bc6 21.Rxa5 Qb4 22.Ra2 b5
23.c3 Qe7 24.Ra7 Rc7 25.Rxc7 Qxc7 26.Be2 h6 27.Re1 Re8 28.Qc5 Qb7 29.b4 Be7
30.Qe3 Bd6 31.Rd1 Bc7 32.Nh4 Bb6 33.Qg3 Qe7 34.Bg4 Rd8 35.Rf1 Qf6 36.Rd1 Rxd1+
37.Bxd1 Qd6 38.Be2 Qd2 39.Bf1 Qf4 40.Qxf4 exf4 41.Nf5 Kf8 42.Nd6 Bc7 43.Bxb5 Bxd6
44.Bxc6 Be5 45.c4 Bc3 46.b5 Bd4 47.Kf1 Ke7 48.Ke2 Kd6 49.Bd5 f6 50.f3 g5
51.Kd3 Ke5 52.Bf7 Bc5 53.Kc3 Kd6 54.Kb3 Kc7 55.h3 Kb6 56.Kc3 Kc7 57.Kd3 Kd6
58.Ke4 Bb6 59.Kf5 Ke7 60.Bd5 h5 61.h4 gxh4 62.Kxf4 Bf2 63.Kf5 Bd4 64.Kg6 Be3
65.Kxh5 Bf2 66.c5 Bxc5 67.Kxh4 Kd6 68.Be4 Ke5 69.Kg4 Be3 70.Bg6 Bb6 71.f4+ Ke6
72.Bd3 Bc7 73.Bc4+ Ke7 74.Kf5 Bb6 75.g4 Be3 76.g5 fxg5 77.fxg5 Bd4 78.g6 Kf8
79.Ke6  1-0

[Event "1st Open"]
[Site "St-Chely d'Aubrac FRA"]
[Date "2001.08.30"]
[Round "7"]
[White "Karim,I"]
[Black "Manouck,T"]
[Result "0-1"]
[WhiteElo "2082"]
[BlackElo "2284"]

1.e4 d6 2.d4 Nf6 3.Nc3 Nbd7 4.Nf3 e5 5.Bc4 Be7 6.O-O O-O 7.Qe2 c6 8.a4 a5
9.Bg5 h6 10.Be3 Ng4 11.Rad1 Nxe3 12.Qxe3 Qc7 13.Rfe1 Bf6 14.Ne2 exd4 15.Nexd4 Nb6
16.Bb3 Bd7 17.c3 Rae8 18.Qf4 Re7 19.Nf5 Bxf5 20.exf5 d5 21.Qd2 Rfe8 22.Rxe7 Rxe7
23.g3 Nd7 24.Bc2 Nc5 25.Re1 Ne4 26.Bxe4 dxe4 27.Nd4 Qe5 28.Qe3 Qd5 29.g4 Kh7
30.f4 exf3 31.Qxe7 Bxe7 32.Rxe7 c5 33.Nb5 Qd2  0-1

[Event "IX Open"]
[Site "Albacete ESP"]
[Date "2001.08.31"]
[Round "2"]
[White "Khamrakulov,I"]
[Black "Parada Medrano,I"]
[Result "1-0"]
[WhiteElo "2485"]
[BlackElo "2024"]

1.e4 d6 2.d4 Nf6 3.Nc3 e5 4.Nf3 Nbd7 5.Bc4 Be7 6.O-O O-O 7.a4 c6 8.h3 b6
9.Qe2 a6 10.Rd1 Qc7 11.Nh4 exd4 12.Rxd4 Nc5 13.Nf3 Be6 14.b4 Bxc4 15.Rxc4 d5
16.exd5 cxd5 17.Nxd5 Nxd5 18.bxc5 Bxc5 19.Ba3 Rfe8 20.Qf1 Re7 21.a5 Qd6 22.Bxc5 bxc5
23.Rd1 Rd8 24.Qd3 Red7 25.Ng5 Qh6 26.Qg3 Qc6 27.Ne4 Nf4 28.Rxd7 Ne2+ 29.Kh2 Qxd7
30.Nf6+ Kh8 31.Nxd7 Nxg3 32.Rxc5 h6 33.Rc7  1-0

[Event "EYCC B14"]
[Site "Halkidiki GRE"]
[Date "2001.08.31"]
[Round "1"]
[White "Laznicka,V"]
[Black "Tahirov,F"]
[Result "0-1"]
[WhiteElo "2047"]
[BlackElo "2400"]

1.e4 d6 2.d4 Nf6 3.Nc3 c6 4.f3 Nbd7 5.g4 e5 6.Nge2 b5 7.Ng3 h5 8.g5 h4 9.Nf5 g6
10.dxe5 Nxe5 11.Nd4 b4 12.Nce2 Nh5 13.f4 Nd7 14.Nxc6 Qb6 15.Ncd4 Bb7 16.Bg2 Nc5
17.Be3 O-O-O 18.Nb3 Bg7 19.Bd4 Rhe8 20.Bxg7 Nxg7 21.Qd4 Nf5 22.Qg1 h3 23.Bf3 Bxe4
24.Bxe4 Rxe4 25.Nd2 Nd4 26.Qg4+ Re6  0-1

[Event "EYCC B14"]
[Site "Halkidiki GRE"]
[Date "2001.09.07"]
[Round "7"]
[White "Czarnota,P"]
[Black "Tahirov,F"]
[Result "1-0"]
[WhiteElo "2068"]
[BlackElo "2400"]

1.e4 d6 2.d4 Nf6 3.Nc3 c6 4.f4 Qa5 5.Bd3 Bg4 6.Nf3 Nbd7 7.e5 Nd5 8.Bd2 Nxc3
9.bxc3 g5 10.exd6 gxf4 11.dxe7 Bxe7 12.O-O O-O-O 13.h3 Bh5 14.c4 Qc7 15.Qc1 Rhg8
16.c3 Rg7 17.Bxf4 Bd6 18.Nh4 Rdg8 19.Bxd6 Qxd6 20.Qf4 Qxf4 21.Rxf4 Rg3 22.Bxh7 Rh8
23.Bf5 Rxc3 24.c5 Re8 25.Rb1 Re7 26.Rb3 Rc4 27.g4 Bg6 28.Nxg6 fxg6 29.Bxg6 Kc7
30.Rbf3 Rc1+ 31.Kg2 b6 32.cxb6+ Nxb6 33.Rf7 Rxf7 34.Rxf7+ Kd6 35.Bf5 Rd1
36.h4 Rxd4 37.h5 Nd5 38.h6 Rd2+ 39.Kg3 Rxa2 40.h7 Ra3+ 41.Kh4 Ra1 42.g5 Ne7
43.Rxe7  1-0

[Event "TCh-YUG"]
[Site "Herceg Novi YUG"]
[Date "2001.09.09"]
[Round "7"]
[White "Markovic,Miros"]
[Black "Damljanovic,B"]
[Result "1-0"]
[WhiteElo "2535"]
[BlackElo "2549"]

1.e4 d6 2.d4 Nf6 3.Nc3 e5 4.Nf3 Nbd7 5.Bc4 Be7 6.O-O O-O 7.a4 a5 8.Re1 c6
9.Ba2 exd4 10.Nxd4 Nc5 11.h3 Qb6 12.Qf3 Ne8 13.Be3 Qxb2 14.Nxc6 bxc6 15.Bxc5 Bf6
16.e5 Bxe5 17.Bd4 Nf6 18.Bxe5 dxe5 19.Bb3 Rb8 20.Ra2 Rxb3 21.Rxb2 Rxb2 22.Ne4 Nd5
23.Qg3 Rxc2 24.Qxe5 h6 25.Ng3 Nf6 26.Qxa5 Be6 27.Qa7 Rd8 28.a5 Rdd2 29.Ra1 c5
30.Nf1 Rxf2 31.Ne3 Bd5 32.Qb8+  1-0

[Event "ch-UKR"]
[Site "Ordzhonikidze UKR"]
[Date "2001.09.09"]
[Round "2"]
[White "Moiseenko,A"]
[Black "Malaniuk,V"]
[Result "1/2-1/2"]
[WhiteElo "2581"]
[BlackElo "2516"]

1.d4 d6 2.e4 Nf6 3.Nc3 e5 4.dxe5 dxe5 5.Qxd8+ Kxd8 6.Bg5 Be6 7.O-O-O+ Nd7
8.Nf3 Bd6 9.Bb5 Kc8 10.Bxf6 Nxf6 11.Ng5 a6 12.Ba4 Bc4 13.Bb3 Bxb3 14.axb3 Rf8
15.Nd5 Nxd5 16.Rxd5 f6 17.Nf3 Kd7 18.Nd2 c6 19.Rd3 Ke6  1/2-1/2

[Event "TCh-CRO"]
[Site "Pula CRO"]
[Date "2001.09.10"]
[Round "1"]
[White "Rade,M"]
[Black "Jovanovic,Zo2"]
[Result "1-0"]
[WhiteElo "2370"]
[BlackElo "2407"]

1.e4 d6 2.d4 Nf6 3.Nc3 e5 4.dxe5 dxe5 5.Qxd8+ Kxd8 6.Nf3 Bd6 7.Bg5 Be6 8.O-O-O Nd7
9.Nd2 h6 10.Bh4 Ke7 11.Nc4 Nb6 12.Nxd6 cxd6 13.f3 a6 14.Bd3 Rhc8 15.Rd2 Rc6
16.Kb1 Rac8 17.Re1 Nc4 18.Bxc4 Rxc4 19.Nd1 R4c6 20.Ne3 g5 21.Bf2 Rg8 22.c4 Rgc8
23.b3 b5 24.cxb5 axb5 25.Nc2 Rc3 26.Nb4 h5 27.Kb2 h4 28.Re3 Rc1 29.Re1 R1c3
30.Be3 g4  1-0

[Event "5th Pablo Gorbea Mem Open"]
[Site "Madrid ESP"]
[Date "2001.09.13"]
[Round "7"]
[White "Del Rio Angelis,S"]
[Black "Georgiev,Vl"]
[Result "1/2-1/2"]
[WhiteElo "2484"]
[BlackElo "2584"]

1.e4 d6 2.d4 Nf6 3.Nc3 e5 4.Nf3 Nbd7 5.Bc4 Be7 6.O-O O-O 7.Re1 c6 8.a4 a5
9.Ba2 exd4 10.Qxd4 Nc5 11.h3 Be6 12.Be3 Bxa2 13.Rxa2 Re8 14.Raa1 Bf8 15.Nd2 g6
16.Rad1 Bg7 17.Qc4 Ncxe4 18.Ndxe4 Nxe4 19.Nxe4 d5 20.Qb3 Rxe4 21.Qxb7 Rc4
22.c3 Qb8 23.Qb6 Qxb6 24.Bxb6 Rxa4 25.Ra1 Rxa1 26.Rxa1 a4 27.Bc5 Bf8 28.Bxf8 Kxf8
29.Ra3 Rb8 30.Rxa4 Rxb2 31.Ra6 c5 32.Ra5 c4 33.Rxd5 Rb1+ 34.Kh2 Rc1 35.Kg3 Rxc3+
36.Kf4 Ke7 37.Ke4 Ke6 38.Rc5 f5+ 39.Kd4 Rd3+ 40.Kxc4 Rd2 41.f4 Rxg2 42.Rc6+ Kd7
43.Ra6 h5 44.Kd5 Ke7 45.Ra7+ Kf6 46.Ra6+ Kg7 47.Ra7+ Kh6 48.Ke6 h4 49.Kf6 Rb2
50.Ra8 Rb6+ 51.Ke5 Rb7 52.Kf6 Rb6+ 53.Ke5 Rc6 54.Rb8 Ra6 55.Rc8 Ra7 56.Kf6 Kh7
57.Kg5 Ra6 58.Rc7+ Kg8 59.Kxh4 Ra3 60.Kg5 Rxh3 61.Kxg6 Rg3+ 62.Kxf5 Ra3 63.Kf6 Ra6+
64.Ke7 Kg7 65.f5 Rb6 66.Ra7 Rf6 67.Ra5  1/2-1/2

[Event "TCh-CRO"]
[Site "Pula CRO"]
[Date "2001.09.14"]
[Round "5"]
[White "Horvath,Cs"]
[Black "Jovanovic,Zo2"]
[Result "1/2-1/2"]
[WhiteElo "2545"]
[BlackElo "2407"]

1.d4 d6 2.e4 Nf6 3.Nc3 e5 4.Nge2 c6 5.f3 h5 6.Be3 Be7 7.a4 a5 8.Nc1 Na6 9.Bxa6 Rxa6
10.O-O Qc7 11.Nd3 Ra8 12.Qe1 Be6 13.b3 h4 14.Rd1 b6 15.Kh1 Bc8 16.Ne2 Nh5
17.f4 exf4 18.Nexf4 Nxf4 19.Bxf4 h3 20.gxh3 Bxh3 21.Rg1 Kf8 22.Qg3 Rh7 23.e5 Rd8
24.Bh6 Bf5 25.Bxg7+ Ke8 26.Qf3 Bg6 27.exd6 Qxd6 28.Be5 Qd5 29.Qxd5 cxd5 30.Rg3 Rc8
31.Rd2 Kd7 32.Kg1 Bh4  1/2-1/2

[Event "ch-Africa"]
[Site "Cairo EGY"]
[Date "2001.09.17"]
[Round "2"]
[White "Labib,I"]
[Black "Belkhodja,S"]
[Result "1/2-1/2"]
[WhiteElo "2409"]
[BlackElo "2531"]

1.e4 d6 2.d4 Nf6 3.Nc3 Nbd7 4.Nf3 e5 5.Bc4 Be7 6.O-O O-O 7.Re1 c6 8.a4 a5
9.h3 h6 10.Ba2 exd4 11.Qxd4 Ne5 12.Nxe5 dxe5 13.Qe3 Nd7 14.Qf3 Bg5 15.Be3 Qe7
16.Nd1 Nc5 17.Bc4 g6 18.Bxg5 hxg5 19.Ne3 Kg7 20.b3 Rh8 21.Rad1 Rh4 22.Ng4 Bxg4
23.hxg4 Rah8 24.g3 R4h7 25.Rd2 Qf6 26.Qxf6+ Kxf6 27.Kg2 Ke7 28.Red1 Rh2+
29.Kf3 Rh1 30.Ke3 Rxd1 31.Rxd1 b6 32.Rb1 Nb7 33.Bd3 Kd7 34.Rf1 Nd6 35.Rb1 Rh3
36.Rd1 Kc7 37.Ra1 Rh2 38.Rf1 Rh8 39.f4 gxf4+ 40.gxf4 exf4+ 41.Kxf4 Kd7 42.e5 Nb7
43.Kg5 Ke7 44.e6 fxe6 45.Kxg6 Rg8+ 46.Kh5 Rh8+ 47.Kg5 Nd6 48.Bg6 Rh2 49.Kf4 Rh6
50.Bd3 Rf6+ 51.Ke5 Nf7+ 52.Ke4 Ng5+ 53.Ke3 Rh6 54.Kf4 Kf6 55.Kg3+ Ke7 56.Kf4 Kf6
57.Kg3+ Ke7 58.Rf2 Rh3+ 59.Kg2 c5 60.Re2 Rh8 61.Kg3 Rh1 62.Rh2 Rxh2 63.Kxh2 Kf6
64.Kg3 e5 65.Bf5 Nf7 66.Bd3 Nd6 67.Kh4 e4 68.g5+ Kf5 69.Be2 Kf4 70.g6 Nf5+
71.Kh5 e3 72.Bd3 Ng7+ 73.Kh6 Ne8 74.Bb5 Nf6 75.g7 Kf3 76.Kg6 Ng8 77.Kf7 Nh6+
78.Kg6 Ng8 79.Kf7 Nh6+  1/2-1/2

[Event "6th ECCW"]
[Site "Belgrade YUG"]
[Date "2001.09.20"]
[Round "5"]
[White "Dragasevic Georgieva,A"]
[Black "Ovod,E"]
[Result "0-1"]
[WhiteElo "2151"]
[BlackElo "2327"]

1.e4 d6 2.d4 Nf6 3.Nc3 c6 4.Nf3 Bg4 5.Be2 e6 6.O-O Be7 7.Bf4 O-O 8.a4 d5
9.exd5 cxd5 10.Ne5 Bxe2 11.Qxe2 Nc6 12.Nb5 Qb6 13.Nxc6 Qxc6 14.Rfd1 Rfc8
15.Nc3 Bb4 16.Rd3 Bxc3 17.bxc3 Kf8 18.Rh3 h6 19.Be5 Ne8 20.Qh5 f6 21.Rf3 Qd7
22.a5 Rc6 23.Qg6 Rac8 24.Ra3 Qf7 25.Qg3 Ra6 26.h4 Rcc6 27.Qf4 Qe7 28.Ra1 Kg8
29.Bb8 b6 30.g4 Rxa5 31.Re1 Ra2 32.Qd2 Qf7 33.h5 b5 34.Qd3 Raa6 35.Bf4 Rab6
36.Qd2 a6 37.Rfe3 Qd7 38.Qe2 Kf7 39.Bg3 a5 40.f4 Nd6 41.f5 Ne4 42.fxe6+ Rxe6
43.Qg2 a4 44.Rxe4 Rxe4 45.Rxe4 dxe4 46.Qxe4 Ra6 47.Qg6+ Kf8 48.g5 Qg4 49.Qd3 Qxg5
50.d5 Qg4 51.d6 Qd7 52.c4 a3 53.cxb5 a2 54.bxa6 a1=Q+ 55.Kh2 Qc6  0-1

[Event "ch-Africa"]
[Site "Cairo EGY"]
[Date "2001.09.20"]
[Round "5"]
[White "Labib,I"]
[Black "Lungu,N"]
[Result "1-0"]
[WhiteElo "2409"]
[BlackElo "2250"]

1.e4 d6 2.d4 Nf6 3.Nc3 e5 4.Nf3 Nbd7 5.Bc4 Be7 6.O-O O-O 7.Re1 c6 8.a4 h6
9.h3 exd4 10.Nxd4 d5 11.exd5 Nb6 12.Bb3 Nbxd5 13.Nxd5 Nxd5 14.Bxd5 cxd5 15.Bf4 Bc5
16.Nb3 b6 17.Qf3 Be6 18.Qg3 Qf6 19.c3 Rfe8 20.Be3 Rac8 21.a5 Qg6 22.Qxg6 fxg6
23.axb6 axb6 24.Bd4 Bf7 25.Rxe8+ Bxe8 26.Ra7 Bf8 27.Nc1 b5 28.Nd3 g5 29.b4 Bg6
30.Ne5 Be8 31.Kf1 Bd6 32.Ng4 Rc7 33.Ra8 Kf7 34.Ne3 Bc6 35.Ra6 g6 36.Rb6 h5
37.Nc2 Rc8 38.Na3 Be7 39.Nxb5 Be8 40.Rb7 Bc6 41.Nd6+ Ke6 42.Rxe7+  1-0

[Event "6th ECCW"]
[Site "Belgrade YUG"]
[Date "2001.09.21"]
[Round "6"]
[White "Grosar,K"]
[Black "Dragasevic Georgieva,A"]
[Result "1-0"]
[WhiteElo "2220"]
[BlackElo "2151"]

1.e4 d6 2.d4 Nf6 3.Nc3 c6 4.Be3 Qb6 5.Rb1 Ng4 6.Bg5 e5 7.Nf3 Nd7 8.Bc4 h6
9.Bh4 exd4 10.Nxd4 Nge5 11.Be2 g5 12.Bg3 Nf6 13.O-O Bg4 14.Bxg4 Nfxg4 15.b4 h5
16.Nf5 O-O-O 17.b5 Qc5 18.Rb3 h4 19.Bxe5 Nxe5 20.bxc6 Nxc6 21.Nd5 Qc4 22.Qg4 Kb8
23.Rfb1 Na5 24.Rb5 Qxc2 25.Nd4 Qc4 26.Qd1 Bg7 27.R1b4 Qc8 28.Rxa5 Bxd4 29.Rxd4 h3
30.g3 f5 31.Rda4 a6 32.Qb1 b5 33.Rxa6 Qb7 34.R4a5 b4 35.Rb6 Rh7 36.Rab5 Rdd7
37.Qxb4 fxe4 38.Rxb7+ Rxb7 39.Qxd6+  1-0

[Event "4NCL"]
[Site "Birmingham ENG"]
[Date "2001.09.22"]
[Round "1"]
[White "Sowray,P"]
[Black "Simons,M"]
[Result "1-0"]
[WhiteElo "2334"]
[BlackElo "2215"]

1.e4 d6 2.d4 Nf6 3.Nc3 c6 4.f4 Qa5 5.Bd3 e5 6.Nf3 Nbd7 7.dxe5 dxe5 8.O-O Bd6
9.f5 Nc5 10.Kh1 h6 11.Be3 Ng4 12.Bg1 Nxd3 13.Qxd3 Bc5 14.h3 Bxg1 15.Kxg1 Qc5+
16.Kh1 Nf2+ 17.Rxf2 Qxf2 18.Qd6 f6 19.Rd1 Qb6 20.Na4 Qa5 21.b4  1-0

[Event "4NCL"]
[Site "Birmingham ENG"]
[Date "2001.09.23"]
[Round "2"]
[White "Deveraux,M"]
[Black "Dishman,S"]
[Result "1-0"]
[WhiteElo "2268"]
[BlackElo "2347"]

1.e4 d6 2.d4 Nf6 3.Nc3 e5 4.dxe5 dxe5 5.Qxd8+ Kxd8 6.Bc4 Be6 7.Bxe6 fxe6
8.Nge2 Bd6 9.Be3 Ke7 10.f3 a6 11.Nd1 Nh5 12.Bg5+ Kd7 13.Nf2 h6 14.Be3 Ke7
15.Nd3 Nd7 16.c4 c5 17.g3 b5 18.Rc1 b4 19.Rc2 a5 20.O-O g5 21.Rd1 Nhf6 22.Nf2 Ra6
23.Rcd2 Rg8 24.h3 Rf8 25.Kg2 Rc6 26.b3 a4 27.Ng4 Nxg4 28.hxg4 a3 29.Ng1 Rg8
30.Nh3 Rg7 31.Nf2 Rg6 32.Nd3 Rg8 33.Nxc5 Nxc5 34.Rxd6 Rgc8 35.Bxc5 Rxc5 36.Rd7+ Kf6
37.Rb7  1-0

[Event "ECC"]
[Site "Panormo GRE"]
[Date "2001.09.23"]
[Round "1"]
[White "Olsson,An"]
[Black "Gelashvili,T"]
[Result "0-1"]
[WhiteElo "2265"]
[BlackElo "2506"]

1.e4 d6 2.d4 Nf6 3.Nc3 Nbd7 4.Nf3 e5 5.Bc4 Be7 6.O-O O-O 7.a4 c6 8.Re1 b6
9.Bg5 Qc7 10.d5 c5 11.a5 a6 12.axb6 Nxb6 13.Bf1 Ne8 14.Be3 g6 15.Bh6 Ng7
16.Nd2 f5 17.f4 exf4 18.Nf3 Bb7 19.Qd2 fxe4 20.Nxe4 Bxd5 21.Rad1 Bxe4 22.Rxe4 d5
23.Rxf4 Rxf4 24.Bxf4 Bd6 25.Bxd6 Qxd6 26.c4 d4 27.b4 cxb4 28.Qxd4 Qxd4+ 29.Nxd4 Na4
30.g3 Nc5 31.Bg2 Rb8 32.Nc6 Rb6 33.Bd5+ Kh8 34.Rf1 Nge6 35.Re1 b3 36.Ne5 b2
37.Rb1 Nd4 38.Kf2 Nc2  0-1